|
|
|
|
| LEADER |
01601nam a2200433 a 4500 |
| 001 |
EBC1195384 |
| 003 |
MiAaPQ |
| 005 |
20200520144314.0 |
| 006 |
m o d | |
| 007 |
cr cn||||||||| |
| 008 |
130717s2006 gw sb 001 0beng d |
| 020 |
|
|
|z 9783938793282
|
| 020 |
|
|
|z 3938793287
|
| 020 |
|
|
|z 9783110328592
|
| 020 |
|
|
|a 9783110328912 (electronic bk.)
|
| 035 |
|
|
|a (MiAaPQ)EBC1195384
|
| 035 |
|
|
|a (Au-PeEL)EBL1195384
|
| 035 |
|
|
|a (CaPaEBR)ebr10728759
|
| 035 |
|
|
|a (CaONFJC)MIL503449
|
| 035 |
|
|
|a (OCoLC)851970736
|
| 040 |
|
|
|a MiAaPQ
|c MiAaPQ
|d MiAaPQ
|
| 043 |
|
|
|a e-au---
|
| 050 |
|
4 |
|a B3376.W564
|b W58 2006
|
| 245 |
0 |
0 |
|a Wittgenstein
|h [electronic resource] :
|b the philosopher and his works /
|c Alois Pichler, Simo Saatela (eds).
|
| 250 |
|
|
|a 2nd ed.
|
| 260 |
|
|
|a Frankfurt :
|b Ontos Verlag,
|c 2006.
|
| 300 |
|
|
|a 461 p.
|
| 440 |
|
0 |
|a Publications of the Austrian Ludwig Wittgenstein Society ;
|v n.s., v. 2
|
| 504 |
|
|
|a Includes bibliographical references and index.
|
| 533 |
|
|
|a Electronic reproduction. Ann Arbor, MI : ProQuest, 2015. Available via World Wide Web. Access may be limited to ProQuest affiliated libraries.
|
| 600 |
1 |
0 |
|a Wittgenstein, Ludwig,
|d 1889-1951.
|
| 650 |
|
0 |
|a Philosophers
|z Austria
|v Biography.
|
| 650 |
|
0 |
|a Philosophy, Austrian
|y 20th century.
|
| 655 |
|
4 |
|a Electronic books.
|
| 700 |
1 |
|
|a Pichler, Alois.
|
| 700 |
1 |
|
|a Saatela, Simo.
|
| 710 |
2 |
|
|a Osterreichische Ludwig Wittgenstein Gesellschaft.
|
| 710 |
2 |
|
|a ProQuest (Firm)
|
| 856 |
4 |
0 |
|u https://ebookcentral.proquest.com/lib/matrademy/detail.action?docID=1195384
|z Click to View
|